书目信息 |
| 题名: |
黄河与中华文明
|
|
| 作者: | 葛剑雄 著 | |
| 分册: | ||
| 出版信息: | 北京 中华书局 2020.09 |
|
| 页数: | 316页 | |
| 开本: | 21cm | |
| 丛书名: | ||
| 单 册: | ||
| 中图分类: | K928.42 , K203 | |
| 科图分类: | ||
| 主题词: | ||
| 电子资源: | ||
| ISBN: | 978-7-101-14702-5 | |
| 000 | 01131nam0 2200253 450 | |
| 001 | CAL Rt949-0737 | |
| 005 | 20230217093112.0 | |
| 010 | @a978-7-101-14702-5@b精装@dCNY65.00 | |
| 100 | @a20201028d2020 em y0chiy0120 ea | |
| 101 | 0 | @achi |
| 102 | @aCN@b110000 | |
| 105 | @aab a 000yy | |
| 106 | @ar | |
| 200 | 1 | @a黄河与中华文明@Ahuang he yu zhong hua wen ming@f葛剑雄著 |
| 210 | @a北京@c中华书局@d2020.09 | |
| 215 | @a316页@c彩图, 地图@d21cm | |
| 320 | @a有书目 (第315-316页) | |
| 330 | @a本书开首之“引言”部分, 即高屋建瓴地阐述了河流与人类文明的关系, 从理论角度为黄河治理以及黄河的重要性提供了充分论证。以下七章, 首先梳理黄河地理全貌, 随后从黄河如何孕育中华文明, 古人对黄河的考察与认识, 黄河为何浑浊而容易泛滥, 自古以来中华儿女如何治理黄河等各方面娓娓道来, 梳理黄河的历史沿革、地理变迁, 展现黄河与中华文明的紧密联系。最后展望新形势下的黄河发展, 指出黄河的治理已经取得前所未有的成绩, 河清有日, 未来可期。 | |
| 607 | @a黄河@Ahuang he@x关系@x中华文化@x研究 | |
| 690 | @aK928.42@v5 | |
| 690 | @aK203@v5 | |
| 701 | 0 | @a葛剑雄@Age jian xiong@4著 |
| 801 | 0 | @aCN@bBJXHZP@c20230228 |
| 905 | @b1383419-22@dK928.42@e1241@f4 | |
| 黄河与中华文明/葛剑雄著.-北京:中华书局,2020.09 |
| 316页:彩图, 地图;21cm |
| ISBN 978-7-101-14702-5(精装):CNY65.00 |
| 本书开首之“引言”部分, 即高屋建瓴地阐述了河流与人类文明的关系, 从理论角度为黄河治理以及黄河的重要性提供了充分论证。以下七章, 首先梳理黄河地理全貌, 随后从黄河如何孕育中华文明, 古人对黄河的考察与认识, 黄河为何浑浊而容易泛滥, 自古以来中华儿女如何治理黄河等各方面娓娓道来, 梳理黄河的历史沿革、地理变迁, 展现黄河与中华文明的紧密联系。最后展望新形势下的黄河发展, 指出黄河的治理已经取得前所未有的成绩, 河清有日, 未来可期。 |
| ● |
| 相关链接 |
|
|
|
|
正题名:黄河与中华文明
索取号:K928.42/1241
 
预约/预借
| 序号 | 登录号 | 条形码 | 馆藏地/架位号 | 状态 | 备注 |
| 1 | 1383419 | 213834190 | 第二样本阅览室/ [索取号:K928.42/1241] | 在馆 | |
| 2 | 1383420 | 213834207 | 第二借阅区/ [索取号:K928.42/1241] |
已借出,限还日期为2026.03.16 借出人:邓伟权 |
|
| 3 | 1383421 | 213834216 | 第二借阅区/ [索取号:K928.42/1241] |
已借出,限还日期为2026.03.16 借出人:薛冬梅 |
|
| 4 | 1383422 | 213834225 | 第二借阅区/ [索取号:K928.42/1241] | 在馆 |